[Event "Uljanovsk Povolje op"]
[Site "Uljanovsk"]
[Date "2014.08.31"]
[Round "9"]
[White "Abdulyazanov, Malik"]
[Black "Parfenov, Vladimir"]
[Result "1-0"]
[WhiteElo "2323"]
[BlackElo "1999"]
[PlyCount "93"]
[EventDate "2014.08.26"]
[EventType "swiss"]
[EventRounds "9"]
[EventCountry "RUS"]
[SourceTitle "CBM 162 Extra"]
[Source "ChessBase"]
[SourceDate "2014.10.17"]
[SourceVersion "1"]
[SourceVersionDate "2014.10.17"]
[SourceQuality "1"]

1. e4 e5 2. Nf3 Nc6 3. Bb5 f5 4. Nc3 Nf6 5. exf5 e4 6. Nh4 Be7 7. d3 Nd4 8. Ba4 b5 9. Bxb5 Bb7 10. dxe4 Nxb5 11. Nxb5 0-0 12. 0-0 Nxe4 13. Nf3 Rxf5 14. Nbd4 Rf8 15. Be3 c5 16. Nb3 d5 17. c3 Qc7 18. Nbd2 Nf6 19. Re1 Bd6 20. h3 Qc6 21. Qb3 Kh8 22. a4 Rab8 23. Qb5 Qc7 24. Qd3 a5 25. b3 Rbd8 26. Bg5 Rd7 27. Bxf6 gxf6 28. Re6 Rg7 29. Nh4 Rfg8 30. Ndf3 Be5 31. Re1 c4 32. bxc4 dxc4 33. Qe3 Bxf3 34. Qxf3 Qd7 35. Rc6 Bxc3 36. Rc1 Be5 37. R6xc4 Qd2 38. Rc8 Qg5 39. R1c4 Bd6 40. Rxg8+ Rxg8 41. g3 Qe5 42. Nf5 Bc5 43. Kg2 Bb4 44. Nh6 Rf8 45. Rc8 Qe6 46. Rc6 Qe5 47. Ng4 1-0

[Event "Uljanovsk Povolje op"]
[Site "Uljanovsk"]
[Date "2014.08.30"]
[Round "8"]
[White "Parfenov, Vladimir"]
[Black "Seyfutdinov, Rustam"]
[Result "1-0"]
[WhiteElo "1999"]
[BlackElo "1955"]
[PlyCount "43"]
[EventDate "2014.08.26"]
[EventType "swiss"]
[EventRounds "9"]
[EventCountry "RUS"]
[SourceTitle "CBM 162 Extra"]
[Source "ChessBase"]
[SourceDate "2014.10.17"]
[SourceVersion "1"]
[SourceVersionDate "2014.10.17"]
[SourceQuality "1"]

1. d4 Nf6 2. Nc3 g6 3. e4 d6 4. f3 Bg7 5. Be3 0-0 6. Qd2 e5 7. d5 Nbd7 8. g4 a5 9. h4 h5 10. Bg5 Nc5 11. gxh5 gxh5 12. Nge2 Kh7 13. Ng3 Qe8 14. Bxf6 Bxf6 15. Nxh5 Bh8 16. Bb5 c6 17. Be2 Rg8 18. dxc6 f5 19. Qxd6 Na6 20. cxb7 Bxb7 21. Nf6+ Bxf6 22. Qxf6 1-0

[Event "Uljanovsk Sidorov Memorial"]
[Site "Uljanovsk"]
[Date "2013.07.13"]
[Round "7"]
[White "Kharlampiev, Aleksander"]
[Black "Parfenov, Vladimir"]
[Result "0-1"]
[WhiteElo "1764"]
[BlackElo "2031"]
[PlyCount "67"]
[EventDate "2013.07.11"]
[EventType "swiss"]
[EventRounds "9"]
[EventCountry "RUS"]
[SourceTitle "EXT 2014"]
[Source "ChessBase"]
[SourceDate "2013.11.20"]
[SourceVersion "1"]
[SourceVersionDate "2013.11.20"]
[SourceQuality "1"]

1. e4 e5 2. Nf3 Nc6 3. Bc4 f5 4. d3 Be7 5. Nc3 d6 6. Nd5 Na5 7. Bb3 Nxb3 8. axb3 Nf6 9. Ne3 fxe4 10. dxe4 Nxe4 11. Ra4 Nf6 12. 0-0 0-0 13. Nd5 Nxd5 14. Qxd5+ Kh8 15. h4 c6 16. Qd3 Bf5 17. Qc3 Qc7 18. Bg5 Bf6 19. Qd2 a6 20. Nh2 Rad8 21. c3 Qf7 22. Re1 Bc8 23. Bxf6 gxf6 24. b4 Qh5 25. g3 Rg8 26. Kh1 Be6 27. Nf1 Qg4 28. Ne3 Qh3+ 29. Kg1 Qxh4 30. Qc2 Qh5 31. b5 axb5 32. Rh4 Qg6 33. Qd2 Qg5 34. Qe2 0-1

[Event "Uljanovsk Sidorov Memorial"]
[Site "Uljanovsk"]
[Date "2013.07.13"]
[Round "6"]
[White "Parfenov, Vladimir"]
[Black "Pegov, Valery"]
[Result "1/2-1/2"]
[WhiteElo "2031"]
[BlackElo "1659"]
[PlyCount "176"]
[EventDate "2013.07.11"]
[EventType "swiss"]
[EventRounds "9"]
[EventCountry "RUS"]
[SourceTitle "EXT 2014"]
[Source "ChessBase"]
[SourceDate "2013.11.20"]
[SourceVersion "1"]
[SourceVersionDate "2013.11.20"]
[SourceQuality "1"]

1. d4 g6 2. e4 Bg7 3. c3 d6 4. Bd3 Nf6 5. Bg5 Nc6 6. Nd2 a6 7. f3 b5 8. Ne2 Bd7 9. Ng3 b4 10. 0-0 Qb8 11. Qe2 a5 12. Bb5 0-0 13. Bc4 e5 14. d5 Na7 15. Rab1 Nc8 16. Rfc1 Nb6 17. Bd3 Rc8 18. Be3 c5 19. dxc6 Rxc6 20. Qf2 Nc8 21. c4 a4 22. h4 Qc7 23. h5 d5 24. hxg6 hxg6 25. Bg5 d4 26. Ne2 Be6 27. Qh4 Nh7 28. f4 Nxg5 29. Qxg5 Qe7 30. Qg3 exf4 31. Nxf4 Be5 32. Qf2 Qf6 33. g3 Nd6 34. Nd5 Qxf2+ 35. Kxf2 Bxd5 36. cxd5 Rcc8 37. Nf3 f6 38. g4 a3 39. Rxc8+ Rxc8 40. bxa3 Rc3 41. Ne1 bxa3 42. Ke2 Nxe4 43. Rb7 Nc5 44. Ra7 Nxd3 45. Nxd3 Rc2+ 46. Kd1 Rxa2 47. Nc1 Rb2 48. Rxa3 Rb5 49. Nd3 Rxd5 50. Ke2 Kg7 51. Kf3 Rd7 52. g5 Rc7 53. Ke4 Bd6 54. gxf6+ Kxf6 55. Ra6 Ke6 56. Nf4+ Kd7 57. Nxg6 Bc5 58. Ne5+ Kc8 59. Kd5 Kb7 60. Ra2 Bb6 61. Nd3 Rd7+ 62. Kc4 Rc7+ 63. Kd5 Rc3 64. Ke4 Rc4 65. Kd5 Rc8 66. Rg2 Rd8+ 67. Kc4 Rd7 68. Rg6 Rf7 69. Kd5 Rf5+ 70. Kc4 Rh5 71. Rg7+ Ka6 72. Rg2 Rh4 73. Rg7 Ka5 74. Rg2 Ba7 75. Ra2+ Kb6 76. Ra1 Kb7 77. Rg1 Bb6 78. Rg7+ Kc8 79. Rg8+ Kd7 80. Rg6 Bc7 81. Rg7+ Kd8 82. Kd5 Bf4 83. Rf7 Be3 84. Rb7 Ke8 85. Ne5 Rh5 86. Ke4 Bg1 87. Rg7 Rh4+ 88. Kf5 Be3 1/2-1/2

[Event "Uljanovsk-ch U26 op"]
[Site "Uljanovsk"]
[Date "2013.03.24"]
[Round "3"]
[White "Parfenov, Vladimir"]
[Black "Olisov, Andrey"]
[Result "1/2-1/2"]
[WhiteElo "2063"]
[BlackElo "2149"]
[PlyCount "136"]
[EventDate "2013.03.23"]
[EventType "swiss"]
[EventRounds "9"]
[EventCountry "RUS"]
[SourceTitle "EXT 2014"]
[Source "ChessBase"]
[SourceDate "2013.11.20"]
[SourceVersion "1"]
[SourceVersionDate "2013.11.20"]
[SourceQuality "1"]

1. d4 Nf6 2. c4 g6 3. Nc3 Bg7 4. e4 d6 5. f3 0-0 6. Be3 c5 7. dxc5 dxc5 8. Qxd8 Rxd8 9. Bxc5 Nc6 10. Rd1 Nd7 11. Be3 Nb4 12. Rd2 b6 13. Nge2 e6 14. a3 Nc6 15. Nd4 Nce5 16. Be2 Ba6 17. b3 Rac8 18. Kf2 Nc5 19. Rb1 Ned3+ 20. Bxd3 Bxd4 21. Ne2 Bf6 22. Bc2 Kf8 23. Rbd1 Ke8 24. Rxd8+ Bxd8 25. a4 Nd7 26. Nc3 Be7 27. f4 Bb4 28. Nb5 Bxb5 29. axb5 f6 30. Kf3 Ke7 31. g4 e5 32. Ra1 Rc7 33. f5 g5 34. h4 h6 35. hxg5 hxg5 36. Rh1 Nf8 37. Ke2 Rd7 38. Bd3 Rc7 39. Kd1 Ke8 40. Rh6 Ke7 41. Kc2 Rc8 42. Rh1 Rc7 43. Ra1 Nd7 44. Ra4 Bd6 45. b4 Ke8 46. Kb3 Ke7 47. Ra2 Ke8 48. Rh2 Nf8 49. Rh6 Ke7 50. Bf2 Rc8 51. Rh8 Rc7 52. Rg8 Kf7 53. Rh8 Ke8 54. Be3 Ke7 55. Kc3 Ke8 56. Bc2 Rc8 57. Bb3 Rc7 58. Rg8 Rh7 59. c5 Bc7 60. Kc4 Kf7 61. Kd3+ Ke8 62. Bd5 Bd8 63. Kc4 Ke7 64. Bd2 Ke8 65. Be6 Rh2 66. Be3 Rh3 67. Kd3 Rh7 68. cxb6 axb6 1/2-1/2

[Event "Uljanovsk Privolje op"]
[Site "Uljanovsk"]
[Date "2011.02.02"]
[Round "3"]
[White "Ulanov, Alexandr"]
[Black "Parfenov, Vladimir"]
[Result "1-0"]
[WhiteElo "2384"]
[BlackElo "2136"]
[PlyCount "85"]
[EventDate "2011.02.01"]
[EventType "swiss"]
[EventRounds "9"]
[EventCountry "RUS"]
[SourceTitle "CBM 140 Extra"]
[Source "ChessBase"]
[SourceDate "2011.03.01"]
[SourceVersion "1"]
[SourceVersionDate "2011.03.01"]
[SourceQuality "1"]

1. d4 d5 2. Nf3 Nc6 3. c4 Bg4 4. cxd5 Bxf3 5. gxf3 Qxd5 6. e3 e5 7. Nc3 Bb4 8. Bd2 Bxc3 9. bxc3 Nf6 10. c4 Qd7 11. d5 Ne7 12. Bc3 Ng6 13. Rb1 c5 14. h4 h5 15. Bh3 Qc7 16. Qa4+ Kf8 17. Ba5 Qe7 18. Bb6 Kg8 19. Qa5 Qe8 20. Bxa7 Nxh4 21. Ke2 Qe7 22. Qb6 Kh7 23. d6 Qe8 24. d7 Qe7 25. e4 Rhd8 26. Rbd1 g5 27. Qxb7 g4 28. Bxg4 Nxg4 29. fxg4 Qf6 30. Rd3 Qg5 31. Rg3 hxg4 32. a3 Kg7 33. Rhg1 Ng6 34. Rxg4 Qf6 35. Rg5 Qe6 36. Kf3 Qf6+ 37. Rf5 Qe6 38. Bxc5 Qxc4 39. Be3 Rxa3 40. Qb6 Rxd7 41. Qf6+ Kh7 42. Rh5+ Kg8 43. Rh8# 1-0

[Event "Uljanovsk Volga op"]
[Site "Uljanovsk"]
[Date "2011.01.05"]
[Round "5"]
[White "Nikonova, Irina"]
[Black "Parfenov, Vladimir"]
[Result "1-0"]
[WhiteElo "1986"]
[BlackElo "2136"]
[PlyCount "91"]
[EventDate "2011.01.03"]
[EventType "swiss"]
[EventRounds "9"]
[EventCountry "RUS"]
[SourceTitle "CBM 140 Extra"]
[Source "ChessBase"]
[SourceDate "2011.03.01"]
[SourceVersion "1"]
[SourceVersionDate "2011.03.01"]
[SourceQuality "1"]

1. e4 e5 2. Bc4 Nf6 3. d3 c6 4. Nf3 Be7 5. 0-0 d6 6. c3 0-0 7. Nbd2 a5 8. a4 Bg4 9. Re1 Nbd7 10. Nf1 d5 11. exd5 cxd5 12. Bb3 Qc7 13. h3 Bh5 14. Ng3 Bg6 15. Nh4 Nc5 16. Ngf5 Nxb3 17. Nxe7+ Qxe7 18. Nxg6 hxg6 19. Qxb3 Rfe8 20. Bg5 Qd7 21. Qb6 Nh7 22. Be3 Re6 23. Qb5 Rc6 24. Bb6 Qe6 25. Bxa5 Nf6 26. d4 Nd7 27. Bb4 e4 28. a5 f5 29. b3 Rc7 30. Rac1 Nf6 31. Bc5 f4 32. Qb6 Qf7 33. Qd6 Nh5 34. b4 Rd7 35. Qe5 Re8 36. Qg5 Re6 37. Rf1 Rf6 38. g4 fxg3 39. fxg3 Rf3 40. Rxf3 Qxf3 41. Rf1 Qxc3 42. Qxg6 Qxg3+ 43. Qxg3 Nxg3 44. Rf8+ Kh7 45. Kf2 Nh5 46. b5 1-0

[Event "Uljanovsk-ch"]
[Site "Uljanovsk"]
[Date "2010.03.13"]
[Round "1"]
[White "Sinicin, Vladimir"]
[Black "Parfenov, Vladimir"]
[Result "0-1"]
[WhiteElo "1595"]
[BlackElo "2114"]
[PlyCount "86"]
[EventDate "2010.03.13"]
[EventType "swiss"]
[EventRounds "9"]
[EventCountry "RUS"]
[SourceTitle "EXT 2012"]
[Source "ChessBase"]
[SourceDate "2011.11.24"]
[SourceVersion "1"]
[SourceVersionDate "2011.11.24"]
[SourceQuality "1"]

1. Nf3 Nc6 2. c4 e5 3. e4 Nf6 4. Nc3 Bb4 5. d3 d6 6. a3 Bc5 7. b4 Bd4 8. Nxd4 Nxd4 9. Be3 Ng4 10. Bxd4 exd4 11. Ne2 Qf6 12. f3 Ne3 13. Qd2 0-0 14. Ng3 Bd7 15. a4 g6 16. h4 h5 17. Kf2 c5 18. b5 b6 19. Be2 a6 20. Nf1 axb5 21. cxb5 Bxb5 22. Nxe3 dxe3+ 23. Qxe3 Rxa4 24. Rxa4 Bxa4 25. Qg5 Qxg5 26. hxg5 Rb8 27. f4 Bd7 28. Ke3 Ra8 29. Rb1 b5 30. f5 b4 31. f6 Ra3 32. Bd1 Be6 33. Rb2 Kf8 34. Bc2 Ke8 35. Kf4 b3 36. Bd1 h4 37. e5 Kd7 38. Ke4 dxe5 39. Kxe5 Ra2 40. Rb1 Rxg2 41. Bxb3 Rxg5+ 42. Ke4 Rg4+ 43. Kf3 Rb4 0-1

[Event "Uljanovsk Cup"]
[Site "Uljanovsk"]
[Date "2009.12.20"]
[Round "9"]
[White "Mamedov, Damir"]
[Black "Parfenov, Vladimir"]
[Result "0-1"]
[WhiteElo "1600"]
[BlackElo "2152"]
[PlyCount "68"]
[EventDate "2009.12.05"]
[EventType "swiss"]
[EventRounds "9"]
[EventCountry "RUS"]
[SourceTitle "EXT 2012"]
[Source "ChessBase"]
[SourceDate "2011.11.24"]
[SourceVersion "1"]
[SourceVersionDate "2011.11.24"]
[SourceQuality "1"]

1. d4 d5 2. c4 e6 3. Nc3 Bb4 4. Nf3 Nf6 5. Bg5 h6 6. Bxf6 Qxf6 7. cxd5 exd5 8. e3 0-0 9. Be2 c6 10. 0-0 Re8 11. Rc1 Nd7 12. a3 Bf8 13. b4 Qg6 14. Kh1 Bd6 15. Qb3 Nf6 16. b5 Ne4 17. Nxe4 dxe4 18. Ne5 Bxe5 19. dxe5 Rxe5 20. Rfd1 Bg4 21. bxc6 bxc6 22. Qb7 Rf8 23. Bxg4 Qxg4 24. Qxc6 Rg5 25. Rg1 Qf5 26. f3 exf3 27. gxf3 Rxg1+ 28. Rxg1 Rc8 29. Qb7 Rc3 30. Rg3 a5 31. e4 Qc5 32. f4 Rc1+ 33. Kg2 Rc2+ 34. Kh3 Qh5# 0-1

[Event "Uljanovsk op"]
[Site "Uljanovsk"]
[Date "2009.08.27"]
[Round "4"]
[White "Akayomov, Konstantin"]
[Black "Parfenov, Vladimir"]
[Result "0-1"]
[WhiteElo "1999"]
[BlackElo "2137"]
[PlyCount "124"]
[EventDate "2009.08.26"]
[EventType "swiss"]
[EventRounds "9"]
[EventCountry "RUS"]
[SourceTitle "CBM 132 Extra"]
[Source "ChessBase"]
[SourceDate "2009.11.03"]
[SourceVersion "1"]
[SourceVersionDate "2009.11.03"]
[SourceQuality "1"]

1. e4 e5 2. Nf3 Nc6 3. Bc4 f5 4. d3 Nf6 5. 0-0 d6 6. Nc3 Na5 7. Nd2 Be7 8. exf5 Bxf5 9. Nd5 Nxc4 10. Nxf6+ Bxf6 11. Nxc4 Be6 12. f4 exf4 13. Re1 Kf7 14. Qf3 Qd7 15. Bxf4 Rhf8 16. Qxb7 Kg8 17. Kh1 a5 18. Rab1 Rab8 19. Qe4 Rbe8 20. Qb7 a4 21. Bd2 Qf7 22. Qc6 Bd7 23. Qb7 Be6 24. Qb5 Rb8 25. Qxa4 Ra8 26. Ba5 d5 27. Ne3 c5 28. Qb5 Bd4 29. Rf1 Qh5 30. Rxf8+ Rxf8 31. Qc6 Qe5 32. Bc3 Qxe3 33. Bxd4 cxd4 34. Qd6 h6 35. Qg3 Qe2 36. Qe1 Rf2 37. Qxe2 Rxe2 38. Rc1 Kf7 39. Kg1 Ke7 40. Kf1 Rd2 41. a3 Kd6 42. h3 Bd7 43. b3 Ke5 44. Re1+ Kf6 45. Re2 Rd1+ 46. Re1 Rxe1+ 47. Kxe1 Ke5 48. Kf2 Kf4 49. g3+ Ke5 50. Kg2 h5 51. Kh2 g5 52. Kg2 h4 53. Kh2 Kf5 54. Kg2 Kf6 55. g4 Ke5 56. Kf1 Kf4 57. Kf2 Bc6 58. a4 Bd7 59. a5 Bb5 60. Kg2 Ke3 61. b4 Kd2 62. c4 dxc3 0-1

[Event "Uljanovsk op"]
[Site "Uljanovsk"]
[Date "2009.08.26"]
[Round "1"]
[White "Parfenov, Vladimir"]
[Black "Anikin, Victor"]
[Result "1-0"]
[WhiteElo "2137"]
[BlackElo "1880"]
[PlyCount "137"]
[EventDate "2009.08.26"]
[EventType "swiss"]
[EventRounds "9"]
[EventCountry "RUS"]
[SourceTitle "CBM 132 Extra"]
[Source "ChessBase"]
[SourceDate "2009.11.03"]
[SourceVersion "1"]
[SourceVersionDate "2009.11.03"]
[SourceQuality "1"]

1. e4 c6 2. f4 f6 3. Nf3 d6 4. d4 g6 5. Nc3 Be6 6. Bd3 Bf7 7. 0-0 Qc7 8. Qe2 Nd7 9. e5 e6 10. exf6 Ngxf6 11. Ng5 Be7 12. Nxe6 Bxe6 13. Qxe6 Nf8 14. Qh3 Qd7 15. Qxd7+ Kxd7 16. Bd2 d5 17. f5 Re8 18. Rae1 Kd8 19. h3 Rg8 20. g4 gxf5 21. Bxf5 h5 22. g5 h4 23. Kf2 Nh5 24. Rg1 Ng3 25. Bg4 Ng6 26. Rg2 Bd6 27. Rxe8+ Rxe8 28. Kg1 Bf4 29. Rf2 Bxd2 30. Rxd2 Re1+ 31. Kf2 Rf1+ 32. Ke3 Rf4 33. Rf2 Nf1+ 34. Ke2 Ng3+ 35. Ke1 Rxd4 36. Ne2 Re4 37. Kd2 Rxg4 38. hxg4 Ne4+ 39. Ke3 Nxf2 40. Kxf2 Ne5 41. Kg2 Nxg4 42. Kh3 Ne3 43. c3 Ke7 44. Kxh4 Kf7 45. Kh5 Kg7 46. Nd4 Nd1 47. Nf5+ Kg8 48. Kh6 Nf2 49. Nd6 Ne4 50. Nf5 a5 51. g6 Nf6 52. Kg5 Ne4+ 53. Kf4 a4 54. a3 Nc5 55. Ke5 Ne4 56. c4 Nc5 57. cxd5 cxd5 58. Kxd5 Nd3 59. Ke6 Nf4+ 60. Kf6 Nd5+ 61. Kg5 b5 62. Kh6 Kh8 63. g7+ Kg8 64. Kg6 Nf4+ 65. Kf6 Nd5+ 66. Ke5 Nb6 67. Ke6 Nc4 68. Kf6 Kh7 69. Ne7 1-0

[Event "Uljanovsk op"]
[Site "Uljanovsk"]
[Date "2009.08.26"]
[Round "2"]
[White "Solomin, Maxim"]
[Black "Parfenov, Vladimir"]
[Result "0-1"]
[WhiteElo "1958"]
[BlackElo "2137"]
[PlyCount "78"]
[EventDate "2009.08.26"]
[EventType "swiss"]
[EventRounds "9"]
[EventCountry "RUS"]
[SourceTitle "CBM 132 Extra"]
[Source "ChessBase"]
[SourceDate "2009.11.03"]
[SourceVersion "1"]
[SourceVersionDate "2009.11.03"]
[SourceQuality "1"]

1. d4 d5 2. c4 Nc6 3. cxd5 Qxd5 4. e3 e5 5. Nc3 Bb4 6. Bd2 Bxc3 7. bxc3 Nf6 8. Qb3 Qd6 9. Nf3 0-0 10. Bb5 e4 11. Bxc6 bxc6 12. Ne5 Ba6 13. c4 c5 14. Qc3 Rfd8 15. d5 Re8 16. Nc6 Nxd5 17. cxd5 Qxd5 18. Na5 Qh5 19. Nc4 Rad8 20. Qc2 Qd5 21. Nb2 Re6 22. Bc3 Qg5 23. Rg1 Qh4 24. h3 Red6 25. g3 Qxh3 26. Qxe4 Qd7 27. Qa4 Bb5 28. Qc2 Qg4 29. Rh1 h6 30. Rh2 Rd2 31. Qxd2 Rxd2 32. Kxd2 Qe2+ 33. Kc1 Bd7 34. Bd2 Bf5 35. a4 Qf1+ 36. Nd1 Qd3 37. e4 Bxe4 38. Ne3 c4 39. f3 Bg6 0-1

[Event "Uljanovsk Petrosian Memorial op"]
[Site "Uljanovsk"]
[Date "2009.06.28"]
[Round "8"]
[White "Parfenov, Vladimir"]
[Black "Zhdanov, Eduard"]
[Result "1-0"]
[WhiteElo "2132"]
[BlackElo "1975"]
[PlyCount "104"]
[EventDate "2009.06.20"]
[EventType "swiss"]
[EventRounds "9"]
[EventCountry "RUS"]
[SourceTitle "EXT 2012"]
[Source "ChessBase"]
[SourceDate "2011.11.24"]
[SourceVersion "1"]
[SourceVersionDate "2011.11.24"]
[SourceQuality "1"]

1. e4 e6 2. f4 d5 3. e5 c5 4. Nf3 Nc6 5. c3 Qb6 6. d3 Be7 7. Na3 Nh6 8. Nc2 Nf5 9. Be2 Bd7 10. 0-0 h5 11. Rb1 g6 12. Ne3 c4 13. d4 Nxe3 14. Bxe3 Qa6 15. Ra1 Qb6 16. Qc2 Qc7 17. Bf2 Qd8 18. g3 b5 19. b4 0-0 20. h3 Kg7 21. Kg2 Rh8 22. Be3 Qb6 23. a3 a5 24. Qb2 axb4 25. axb4 Qb7 26. g4 hxg4 27. hxg4 Rxa1 28. Rxa1 Ra8 29. Bc1 Rxa1 30. Qxa1 Qa7 31. Qb2 Qa4 32. Qd2 Qa1 33. f5 exf5 34. Qh6+ Kg8 35. Ng5 Bxg5 36. Bxg5 Qb2 37. Kf1 Qa1+ 38. Kf2 Qxc3 39. Bf6 Qxd4+ 40. Kg2 Qe4+ 41. Bf3 Qc2+ 42. Kh1 Qb1+ 43. Kh2 Qb2+ 44. Bg2 Qxe5+ 45. Bxe5 Nxe5 46. Qd2 Nxg4+ 47. Kg3 Nf6 48. Qd4 Nh5+ 49. Kh4 Ng7 50. Bxd5 Ne6 51. Bxe6 Bxe6 52. Kg5 Kf8 1-0

[Event "Uljanovsk Petrosian Memorial op"]
[Site "Uljanovsk"]
[Date "2009.06.27"]
[Round "6"]
[White "Parfenov, Vladimir"]
[Black "Konopkin, Alexey"]
[Result "1-0"]
[WhiteElo "2132"]
[BlackElo "1843"]
[PlyCount "95"]
[EventDate "2009.06.20"]
[EventType "swiss"]
[EventRounds "9"]
[EventCountry "RUS"]
[SourceTitle "EXT 2012"]
[Source "ChessBase"]
[SourceDate "2011.11.24"]
[SourceVersion "1"]
[SourceVersionDate "2011.11.24"]
[SourceQuality "1"]

1. e4 e5 2. f4 Nf6 3. fxe5 Nxe4 4. Nf3 Ng5 5. d3 Nxf3+ 6. Qxf3 Nc6 7. Bf4 Nd4 8. Qf2 Bc5 9. Qd2 0-0 10. c3 Ne6 11. Bg3 d5 12. d4 Be7 13. Bd3 c5 14. 0-0 h6 15. Bf2 c4 16. Bc2 f5 17. exf6 Bxf6 18. Na3 Ng5 19. Rae1 Bh3 20. Bg3 Bg4 21. Nb5 Qd7 22. Nd6 Be7 23. h4 Nh3+ 24. gxh3 Bxh3 25. Rxf8+ Rxf8 26. Qh2 Rf6 27. Ne8 Rf8 28. Nc7 Bd8 29. Nxd5 Qe6 30. Be5 Bxh4 31. Ne7+ Bxe7 32. Qg3 Qf7 33. Qxg7+ Qxg7+ 34. Bxg7 Rf7 35. Bxh6 Bd7 36. Re2 Bc6 37. Re6 Bd7 38. Re3 Bf8 39. Bxf8 Kxf8 40. Kg2 Bf5 41. Bxf5 Rxf5 42. Rf3 Rf7 43. Rxf7+ Kxf7 44. Kf3 Kg6 45. b4 b5 46. Kf4 Kf6 47. Kg4 Kg6 48. Kh4 1-0

[Event "Uljanovsk Petrosian Memorial op"]
[Site "Uljanovsk"]
[Date "2009.06.21"]
[Round "4"]
[White "Parfenov, Vladimir"]
[Black "Kudriashov, Anatoli"]
[Result "0-1"]
[WhiteElo "2132"]
[BlackElo "2318"]
[PlyCount "53"]
[EventDate "2009.06.20"]
[EventType "swiss"]
[EventRounds "9"]
[EventCountry "RUS"]
[SourceTitle "EXT 2012"]
[Source "ChessBase"]
[SourceDate "2011.11.24"]
[SourceVersion "1"]
[SourceVersionDate "2011.11.24"]
[SourceQuality "1"]

1. e4 c5 2. f4 Nc6 3. Nf3 g6 4. c3 d5 5. e5 Bg4 6. Be2 Nh6 7. d3 Nf5 8. Na3 f6 9. exf6 exf6 10. 0-0 Qd7 11. Nc2 0-0-0 12. Ne3 Nxe3 13. Bxe3 d4 14. Bd2 Be7 15. c4 Rhe8 16. a3 Bd6 17. b4 Qc7 18. Nxd4 Rxe2 19. Qc2 Ne7 20. Nb5 Qb6 21. Rad1 a6 22. Nxd6+ Qxd6 23. Bc3 Re8 24. d4 cxb4 25. Bxb4 Qd7 26. d5 Re4 27. c5 0-1

[Event "Uljanovsk-ch"]
[Site "Uljanovsk"]
[Date "2009.03.21"]
[Round "8"]
[White "Parfenov, Vladimir"]
[Black "Zubkov, Vasiliy"]
[Result "1-0"]
[WhiteElo "2132"]
[BlackElo "2000"]
[PlyCount "82"]
[EventDate "2009.03.14"]
[EventType "swiss"]
[EventRounds "9"]
[EventCountry "RUS"]
[SourceTitle "EXT 2010"]
[Source "ChessBase"]
[SourceDate "2010.11.25"]
[SourceVersion "1"]
[SourceVersionDate "2010.11.25"]
[SourceQuality "1"]

1. e4 c5 2. f4 e6 3. Nf3 d5 4. e5 Nc6 5. c3 Nge7 6. d3 Nf5 7. Be2 Be7 8. 0-0 0-0 9. Na3 a6 10. Nc2 b5 11. Ne3 Qb6 12. Nxf5 exf5 13. Be3 Qd8 14. Qe1 Qc7 15. Qf2 Nd8 16. h3 f6 17. Rad1 fxe5 18. Nxe5 Nf7 19. Nf3 Bd6 20. Nd2 Bb7 21. Nb3 Rac8 22. d4 c4 23. Nc5 Bxc5 24. dxc5 Rfe8 25. Bf3 Rcd8 26. b4 Bc6 27. g3 Re7 28. Bd4 Qb7 29. Rd2 Rde8 30. Rfd1 Re6 31. Kh2 R6e7 32. Qg2 Rd7 33. Bf2 Re4 34. Bxe4 fxe4 35. Be3 Re7 36. g4 Qc7 37. Qg3 Qb7 38. Bd4 Qc8 39. f5 Ng5 40. Rf2 Nf3+ 41. Kg2 Qe8 1-0

[Event "Uljanovsk-ch"]
[Site "Uljanovsk"]
[Date "2009.03.18"]
[Round "5"]
[White "Arslanov, Ildar"]
[Black "Parfenov, Vladimir"]
[Result "1-0"]
[WhiteElo "2176"]
[BlackElo "2132"]
[PlyCount "106"]
[EventDate "2009.03.14"]
[EventType "swiss"]
[EventRounds "9"]
[EventCountry "RUS"]
[SourceTitle "EXT 2010"]
[Source "ChessBase"]
[SourceDate "2010.11.25"]
[SourceVersion "1"]
[SourceVersionDate "2010.11.25"]
[SourceQuality "1"]

1. c4 e5 2. Nc3 f5 3. g3 Nf6 4. Bg2 d6 5. d3 Be7 6. b4 0-0 7. e3 c6 8. Nge2 Be6 9. b5 Qc7 10. 0-0 Nbd7 11. Ba3 Nb6 12. Rc1 Rad8 13. Na4 Nfd7 14. Qb3 c5 15. Bb2 Bf6 16. Nac3 Bf7 17. a4 Nc8 18. Nd5 Qb8 19. d4 Ne7 20. Nxf6+ Nxf6 21. dxe5 dxe5 22. Rfd1 Bh5 23. Qc2 Qc7 24. Rxd8 Rxd8 25. Rd1 Rxd1+ 26. Qxd1 e4 27. Qd2 Bf7 28. Qc2 Qd6 29. Nf4 b6 30. Bf1 Kf8 31. Be2 Ng6 32. Nxg6+ hxg6 33. Qc3 Be6 34. h4 Kf7 35. Kf1 Kf8 36. Ke1 Kf7 37. a5 Ne8 38. Qa3 Bd7 39. a6 Be6 40. Qa1 Nf6 41. Be5 Qd8 42. Qd1 Qxd1+ 43. Kxd1 Nd7 44. Bf4 Ke7 45. Kd2 Bf7 46. Kc3 Ke6 47. f3 Ne5 48. fxe4 fxe4 49. Bf1 Kd6 50. Bg2 Be6 51. Bxe4 Bf5 52. Bd5 Bg4 53. e4 Bd1 1-0

[Event "Uljanovsk-ch"]
[Site "Uljanovsk"]
[Date "2009.03.17"]
[Round "4"]
[White "Parfenov, Vladimir"]
[Black "Galaev, Artem"]
[Result "1-0"]
[WhiteElo "2132"]
[BlackElo "1691"]
[PlyCount "56"]
[EventDate "2009.03.14"]
[EventType "swiss"]
[EventRounds "9"]
[EventCountry "RUS"]
[SourceTitle "EXT 2010"]
[Source "ChessBase"]
[SourceDate "2010.11.25"]
[SourceVersion "1"]
[SourceVersionDate "2010.11.25"]
[SourceQuality "1"]

1. e4 e6 2. f4 d5 3. e5 c5 4. Nf3 Nc6 5. c3 Qb6 6. Na3 Bd7 7. Nc2 Nge7 8. d3 Ng6 9. Be2 Be7 10. 0-0 0-0 11. Kh1 f6 12. d4 cxd4 13. cxd4 Rac8 14. Bd3 f5 15. Qe2 Qd8 16. g3 Nb4 17. Nxb4 Bxb4 18. h4 Qe8 19. Be3 Nh8 20. Rf2 Nf7 21. Rg1 h5 22. Nh2 Nh6 23. Rff1 Ng4 24. Nf3 Be7 25. Bd2 g6 26. Rb1 Kg7 27. Bb4 Bb5 28. Rgd1 Rb8 1-0

[Event "Uljanovsk-ch"]
[Site "Uljanovsk"]
[Date "2009.03.16"]
[Round "3"]
[White "Petrosian, Karlen"]
[Black "Parfenov, Vladimir"]
[Result "1-0"]
[WhiteElo "2310"]
[BlackElo "2132"]
[PlyCount "81"]
[EventDate "2009.03.14"]
[EventType "swiss"]
[EventRounds "9"]
[EventCountry "RUS"]
[SourceTitle "EXT 2010"]
[Source "ChessBase"]
[SourceDate "2010.11.25"]
[SourceVersion "1"]
[SourceVersionDate "2010.11.25"]
[SourceQuality "1"]

1. Nf3 Nc6 2. d4 d5 3. Bf4 e6 4. e3 Bd6 5. Bg3 Nf6 6. c4 Bxg3 7. hxg3 Qe7 8. Nc3 Qb4 9. Qc2 dxc4 10. a3 Qb3 11. Qc1 Na5 12. Nd2 Qb6 13. Nxc4 Nxc4 14. Bxc4 Bd7 15. Qc2 Bc6 16. f3 a6 17. g4 g6 18. 0-0-0 Qa5 19. e4 Qg5+ 20. Kb1 0-0-0 21. e5 Nd5 22. Ne4 Qe7 23. Bxd5 Bxd5 24. Nf6 h6 25. Qd2 g5 26. Rc1 Kb8 27. Rc3 c5 28. Rxc5 Qxc5 29. dxc5 Ba2+ 30. Kc1 Rxd2 31. Kxd2 Kc7 32. Kc2 Bc4 33. Rd1 Bb5 34. Kc3 Bc6 35. b3 b6 36. cxb6+ Kxb6 37. a4 Rc8 38. Kb2 Kc5 39. Nd7+ Kb4 40. Rd4+ Ka5 41. b4+ 1-0